00770nam a2200217Ia 4500008004100000020001500041041000800056082002000064100001500084245005900099260005000158300000800208365001200216650001500228650002100243700002100264942001200285999001900297952011200316952012400428140306s9999 xx 000 0 und d a812071492x aeng a658.404bVEN/PR aRaman, K V aProject management techniques for R & D in agriculture aNew DelhibSterling Publishers Pvt. Ltdc1993 a230 bRs. 700 aBar charts anetwork analysis aVenkateswarlu, K 2ddccBK c180550d180550 00102ddc4070aKAUCBVbKAUCBVd2004-07-02g700.00l0o658.404 VEN/PRr2014-03-22 00:00:00w2014-03-22yBK 00102ddc4070aKAUCBVbKAUCBVd2004-07-02g700.00l2o658.404 VEN/PRr2019-03-08 00:00:00s2019-03-08w2014-03-22yBK